000 00723cam a2200241u 4500
999 _c10116
_d10116
001 10116
003 BD-JhCC
005 20190311094503.0
008 180417s1937 enka 000 0 eng
035 _a(BD-JhCC)10116
040 _aDLC
_cCarP
_dDLC
_dBD-JhCC
041 _aeng
050 0 0 _aPE1137
_b.J55 1937a
082 _bJON 1937
_a421.52
100 1 _aJones, Daniel,
_d1881-1967.
245 1 3 _aAn English pronouncing dictionary /
250 _a4th ed.
260 _aLondon :
_bJ. M. Dent & sons, limited;
_aNew York :
_bE. P. Dutton & co., inc.
_c1937.
300 _a544 p. :
_b495, [1] p. front. (diagr.)
_c21 cm.
650 0 _aEnglish language
_xPronunciation
_vDictionaries.
942 _2ddc
_cBK